000
00221nam a22000857a 4500
008
160705b xxu||||| |||| 00| 0 eng d
100
_9
2104
_a
Vishakha
245
_a
The Magician
260
_a
New Delhi
_b
National Book Trust
_c
1990
999
_c
1799
_d
1799